000 00643nam a2200241Ia 4500
005 20250425162714.0
008 250425s9999 xx 000 0 und d
020 _a0813808324
041 _aeng
082 _a621.7
100 _aVAUGHN, RICHARD C.
245 0 _aINTRODUCTION TO INDUSTRIAL ENGINEERING
250 _aS.E
260 _aAMES
260 _aEstados Unidos
_bTHE IOWA STATE UNIVERSITY PRESS
_c1967
300 _a493
650 _aESTUDIO DE TIEMPOS Y MOVIMIENTOS
650 _aINGENIERIA INDUSTRIAL
650 _aPLANTAS INDUSTRIALES (FABRICAS)
650 _aPROCESOS INDUSTRIALES
942 _c01
010 _a98607
999 _c234763
_d234763